The economics of financial markets (Registro nro. 88308)

Detalles MARC
000 -ENCABEZADO
Número de control [NR] 00887nam a22002417a 4500
008 - DE LONGITUD FIJA DE DATOS DE ELEMENTOS - INFORMACIÓN GENERAL
Elementos de longitud fija [NR] 130821s1996 xxua gr eng
020 ## - NUMERO INTERNACIONAL NORMALIZADO PARA LIBROS [R]
Número Internacional Normalizado del libro [NR] 019504407X
040 ## - FUENTE DE CATALOGACION [NR]
Agencia de catalogación original [NR] Co-BoUCM
Idioma de catalogación [NR] spa
041 00 - CODIGO DE IDIOMA [R]
Código de idioma para texto/pista de sonido o título separado [R] Inglés
100 1# - ASIENTO PRINCIPAL--NOMBRE PERSONAL [NR]
Nombre personal [NR] Houthakker, Hendrik S.
ID Autoridad 154698
245 14 - MENCION DE TITULO [NR]
Título [NR] The economics of financial markets
Mención de responsabilidad, etc. [NR] Hendrik S. Houthakker y Peter J. Williamson
260 ## - PUBLICACION, DISTRIBUCION, ETC. (PIE DE IMPRENTA) [R]
Lugar de publicación, distribución, etc. [R] Nueva York (Estados Unidos)
Nombre del editor, distribuidor, etc. [R] Oxford University Press
Fecha de publicación, distribución, etc. [R] 1996
300 ## - DESCRIPCION FISICA [R]
Extensión [R] xiii, 361 páginas
Otros detalles físicos [NR] ilustraciones
504 ## - NOTA DE BIBLIOGRAFIA, ETC. [R]
Nota de bibliografía, etc. [NR]
650 04 - ASIENTO SECUNDARIO DE MATERIA - TERMINO TEMATICO [R]
Término temático o nombre geográfico como elemento de entrada [NR] Finanzas
9 (RLIN) 7628
650 04 - ASIENTO SECUNDARIO DE MATERIA - TERMINO TEMATICO [R]
Término temático o nombre geográfico como elemento de entrada [NR] Mercado de capitales
9 (RLIN) 19335
650 04 - ASIENTO SECUNDARIO DE MATERIA - TERMINO TEMATICO [R]
Término temático o nombre geográfico como elemento de entrada [NR] Mercado de capitales
Subdivisión geográfica [R] Estados Unidos
9 (RLIN) 19335
650 04 - ASIENTO SECUNDARIO DE MATERIA - TERMINO TEMATICO [R]
Término temático o nombre geográfico como elemento de entrada [NR] Mercado de futuros
9 (RLIN) 19342
650 04 - ASIENTO SECUNDARIO DE MATERIA - TERMINO TEMATICO [R]
Término temático o nombre geográfico como elemento de entrada [NR] Mercado financiero
9 (RLIN) 19348
700 1# - ASIENTO SECUNDARIO - NOMBRE PERSONAL [R]
Nombre personal [NR] Williamson, Peter J.
9 (RLIN) 154699
942 ## - ELEMENTOS DE ENTRADA AGREGADOS (KOHA)
Tema principal Economía
Edición 1
Parte restante de la signatura top. H844
Tipo de ítem principal el descrito en 300a Libro
Sistema de clasificación DEWEY
Clasificación 332.6320973
Existencias
Fecha de último préstamo Total préstamos Total Renewals Signatura topográfica Código de barras Última vez visto Ejemplar Price effective from Tipo de ítem Nota pública (OPAC) Perdido Sistema de clasificación Dañado No prestable Tipo de ítem específico Suprimido Ubicación habitual Ubicación actual Localización Fecha de creación Forma de adquisición Costo
11/05/2022 8 2 332.6320973 H844 100087559 04/12/2025 Ej.3 03/02/2013 Libro Spot Finanzas   DEWEY     Libro   Claustro Claustro Mezanine 30/09/2007 Compra 61.19
01/06/2010 1   332.6320973 H844 100087558 04/12/2025 Ej.2 03/02/2013 Libro de reserva     DEWEY     Libro de reserva   Claustro Claustro Mezanine 30/09/2007 Compra 61.19
28/07/2016 1   R 332.6320973 H844 100081175 04/12/2025 Ej.1 03/02/2013 Libro Spot Finanzas   DEWEY     Libro   Claustro Claustro Mezanine 30/09/2006 Compra 59.80